Internet fundamentals (Record no. 4925)

MARC details
000 -LEADER
fixed length control field 00477nam a2200157Ia 4500
003 - CONTROL NUMBER IDENTIFIER
control field SGT
020 ## - INTERNATIONAL STANDARD BOOK NUMBER
International Standard Book Number 9789350140161
082 ## - DEWEY DECIMAL CLASSIFICATION NUMBER
Classification number 4.678
Item number PAN
100 ## - MAIN ENTRY--PERSONAL NAME
Personal name Pandey,Adesh K
245 ## - TITLE STATEMENT
Title Internet fundamentals
260 ## - PUBLICATION, DISTRIBUTION, ETC. (IMPRINT)
Name of publisher, distributor, etc S.K. Kataria & SONS
Place of publication, distribution, etc N.Delhi
Year of Publication 2010
300 ## - PAGE DESCRIPTION
No. of Pages 289p.
650 ## - SUBJECT ADDED ENTRY--TOPICAL TERM
Topical term or geographic name as entry element COMPUTER SCIENCE
653 ## - KEYWORDS--INDEX TERM
Keyword term ELECTRONIC MAIL,INTRODUCTION TO NETWORK AND INTERNET,WORKING OF INTERNET,WORLD WIDE WEB,HTML AND XML,WEB SITE DESIGNING,JAVA SCRIPT
942 ## - ADDED ENTRY ELEMENTS (KOHA)
Source of classification or shelving scheme Dewey Decimal Classification
Koha item type Books
942 ## - ADDED ENTRY ELEMENTS (KOHA)
-- 1
Holdings
Withdrawn status Lost status Source of classification or shelving scheme Damaged status Not for loan Home library Current library Date acquired SGTU Total Checkouts Full call number Accession No. (Barcode) Date last seen Date last borrowed Bill Date Koha item type Shelving location Vendor Name Cost, normal purchase price
    Dewey Decimal Classification     SGT Engineering Library SGT Engineering Library 28/04/2010 SGTU 1 4.678 PAN FE992 22/05/2019 22/05/2019 09/02/2015 Books      
    Dewey Decimal Classification     SGT Engineering Library SGT Engineering Library 28/04/2010 SGTU 2 4.678 PAN FE993 04/10/2023 20/09/2023 09/02/2015 Books      
    Dewey Decimal Classification     SGT Engineering Library SGT Engineering Library 12/01/2016 SGTU   4.678 PAN FE6500 12/01/2016   12/01/2016 Books Record Book GIFTED 210.00